[Event "XXV C.to Italiano a squadre A"]
[Site "ITA"]
[Date "1993.??.??"]
[Round "1"]
[White "D'Apa, Stefano"]
[Black "Zaninotto, Franco"]
[Result "0-1"]
[WhiteElo "2235"]
[BlackElo "2265"]
[PlyCount "118"]
[EventDate "1993.01.31"]

1. d4 Nf6 2. Nf3 g6 3. Bf4 Bg7 4. e3 d6 5. h3 O-O 6. Nbd2 c5 7. c3 Nc6 8. Bc4
cxd4 9. exd4 e5 10. dxe5 dxe5 11. Be3 e4 12. Nd4 Ne5 13. Be2 b6 14. O-O Bb7 15.
Nc4 Nd5 16. Bd2 Qe7 17. Qb3 Kh8 18. Rfe1 f5 19. Rad1 f4 20. Nxe5 Qxe5 21. Bc1
Rad8 22. c4 Nc7 23. Nb5 Nxb5 24. Qxb5 Qxb5 25. cxb5 g5 26. Bc4 Bd4 27. b3 Bc3
28. Rf1 Kg7 29. Ba3 Rfe8 30. Rc1 Bd4 31. Rfd1 Kg6 32. Kf1 h5 33. Be2 Be5 34.
Rxd8 Rxd8 35. Rd1 Rxd1+ 36. Bxd1 Bc8 37. Be7 g4 38. hxg4 hxg4 39. a4 Kf7 40.
Ba3 Bf5 41. Bb4 Ke6 42. Bd2 Kd5 43. Be2 Kd4 44. Ke1 Be6 45. Kf1 Bc8 46. Bb4 Kd5
47. Bd1 Bd4 48. Be2 Be5 49. Bd2 Kd4 50. Bb4 Be6 51. Bd1 Kd3 52. Be7 Kc3 53. Bd8
Bxb3 54. Bxb3 Kxb3 55. a5 bxa5 56. Bxa5 Ka4 57. b6 a6 58. Bd2 Kb5 59. b7 Kc6
0-1

[Event "XXV C.to Italiano a squadre A"]
[Site "ITA"]
[Date "1993.??.??"]
[Round "1"]
[White "Dino, Giuseppe"]
[Black "Gaeta, Michele"]
[WhiteElo "1965"]
[BlackElo "1854"]
[Result "1-0"]
[PlyCount "59"]
[EventDate "1993.01.31"]

1. e4 c5 2. Nf3 Nc6 3. d4 cxd4 4. Nxd4 Nf6 5. Nc3 e5 6. Ndb5 d6 7. Bg5 a6 8.
Na3 b5 9. Nd5 Be7 10. Bxf6 Bxf6 11. c3 O-O 12. Nc2 Rb8 13. Be2 Bg5 14. O-O Be6
15. Nce3 g6 16. Kh1 f5 17. f4 Bh6 18. exf5 gxf5 19. Qe1 Kh8 20. Rd1 exf4 21.
Nxf4 Bxf4 22. Rxf4 Bxa2 23. Rxf5 Bb3 24. Rd3 Qe7 25. Rh5 Rbe8 26. Nd5 Qxe2 27.
Rxh7+ Kxh7 28. Qh4+ Kg6 29. Rg3+ Kf7 30. Qf6# 1-0

[Event "XXV C.to Italiano a squadre A"]
[Site "ITA"]
[Date "1993.??.??"]
[Round "1"]
[White "Garofalo, Pietro"]
[Black "Scerbo, Antonio"]
[WhiteElo "1970"]
[BlackElo "2052"]
[Result "0-1"]
[PlyCount "74"]
[EventDate "1993.01.31"]

1. Nf3 Nf6 2. c4 g6 3. Nc3 Bg7 4. e4 d6 5. d4 O-O 6. Be2 e5 7. O-O Nc6 8. d5
Ne7 9. Ne1 Nd7 10. Be3 f5 11. f3 f4 12. Bf2 g5 13. b4 Ng6 14. c5 Nf6 15. a4 h5
16. a5 g4 17. c6 g3 18. hxg3 fxg3 19. Bxg3 bxc6 20. dxc6 h4 21. Bc4+ Kh7 22.
Bf2 Nh5 23. Be3 Ngf4 24. Nd5 Ng3 25. Rf2 h3 26. Rc2 Qh4 27. gxh3 Nxh3+ 28. Kg2
Nf4+ 29. Nxf4 exf4 30. Bd4 Be6 31. Qd3 Bxd4 32. Qxd4 Rg8 33. Qd3 Bxc4 34. Rxc4
Nf5+ 35. Kf1 Ne3+ 36. Ke2 Nxc4 37. Qxc4 Rg1 0-1

[Event "XXV C.to Italiano a squadre A"]
[Site "ITA"]
[Date "1993.??.??"]
[Round "1"]
[White "Guido, Flavio"]
[Black "Di Vincenzi, Renato"]
[Result "1-0"]
[WhiteElo "2245"]
[BlackElo "2128"]
[PlyCount "125"]
[EventDate "1993.01.31"]

1. e4 c5 2. c3 d5 3. exd5 Qxd5 4. d4 Nc6 5. Nf3 Bg4 6. Be2 cxd4 7. cxd4 e6 8.
Nc3 Bb4 9. O-O Bxc3 10. bxc3 Nf6 11. h3 Bh5 12. Ba3 O-O-O 13. Re1 Bg6 14. Qa4
Qa5 15. Qxa5 Nxa5 16. Ne5 Nd5 17. Rac1 Nc6 18. Nxg6 hxg6 19. Bb2 Nf4 20. Bf1 g5
21. Rc2 Ne7 22. Bc1 Neg6 23. Be3 Rh6 24. Rb2 Rdh8 25. f3 f5 26. Reb1 b6 27. a4
Ne7 28. a5 Ned5 29. Bd2 e5 30. dxe5 Re8 31. c4 Nc7 32. axb6 Rxb6 33. Rxb6 axb6
34. Bc3 Re6 35. Bd4 Na8 36. g3 Ng6 37. Bd3 Ne7 38. f4 gxf4 39. gxf4 g6 40. Bf1
Nc6 41. Bxb6 Nxe5 42. Ba7 Nc6 43. Bf2 Nc7 44. Bg2 Nd8 45. Bf3 Ra6 46. Rb6 Rxb6
47. Bxb6 Nce6 48. Be3 Kd7 49. Kf2 Nc6 50. Ke2 Kd6 51. Kd3 Nb4+ 52. Kc3 Nc6 53.
h4 Ne7 54. Bd1 Ng8 55. Kb4 Nf6 56. c5+ Ke7 57. Bb3 Nc7 58. Kc4 Ne4 59. Kd4 Nf6
60. Bd2 Nd7 61. Bc4 Nb8 62. Bd5 Nd7 63. Ba5 1-0

[Event "XXV C.to Italiano a squadre A"]
[Site "ITA"]
[Date "1993.??.??"]
[Round "1"]
[White "Gueci, Riccardo"]
[Black "Crea, Vincenzo"]
[Result "1/2-1/2"]
[WhiteElo "2235"]
[BlackElo "2195"]
[PlyCount "103"]
[EventDate "1993.01.31"]

1. e4 e6 2. d4 d5 3. Nc3 Nf6 4. exd5 exd5 5. Bd3 Be7 6. Nge2 Bg4 7. O-O Bh5 8.
Re1 O-O 9. Bf4 Nbd7 10. Qd2 Re8 11. Nb5 Rc8 12. Nxa7 Ra8 13. Nb5 Rc8 14. Ng3
Bg6 15. Nf5 Bf8 16. Rxe8 Nxe8 17. Re1 Ndf6 18. a3 c6 19. Nc3 b5 20. Ne2 Ra8 21.
Neg3 Nc7 22. f3 Ne6 23. Be3 Nd7 24. c3 Nb6 25. Qc2 Nc4 26. Bc1 Qc7 27. Ne2 c5
28. g3 Nd6 29. Nxd6 Bxd6 30. Bxg6 hxg6 31. dxc5 Qxc5+ 32. Kg2 Qc4 33. Rd1 Re8
34. Qd3 Nc5 35. Qxc4 dxc4 36. Nd4 Nd3 37. Kf1 Bc5 38. Nxb5 Rb8 39. a4 Ra8 40.
Rxd3 cxd3 41. b4 Be7 42. a5 Ra6 43. Ke1 Rc6 44. Be3 Bd8 45. Kd2 Kf8 46. Kxd3
Ke8 47. Nd4 Ra6 48. Kc4 Kd7 49. Nb3 Ra8 50. b5 Bxa5 51. Nxa5 Rxa5 52. Kc5
1/2-1/2

[Event "XXV C.to Italiano a squadre A"]
[Site "ITA"]
[Date "1993.??.??"]
[Round "1"]
[White "Iannaccone, Ernesto"]
[Black "Zichichi, Alvise"]
[Result "1-0"]
[WhiteElo "2385"]
[BlackElo "2305"]
[PlyCount "107"]
[EventDate "1993.01.31"]

1. d4 Nf6 2. c4 d6 3. Nc3 Nbd7 4. Nf3 e5 5. Bg5 Be7 6. e3 O-O 7. Qc2 c6 8.
O-O-O e4 9. Nd2 d5 10. f3 exf3 11. gxf3 dxc4 12. Nxc4 Nb6 13. e4 Nh5 14. Be3
Nxc4 15. Bxc4 Bg5 16. Qd2 Bxe3 17. Qxe3 Qf6 18. d5 Qf4 19. Qxf4 Nxf4 20. dxc6
bxc6 21. Rd6 Be6 22. Ba6 c5 23. Rhd1 Rab8 24. b3 Ng6 25. Nd5 h6 26. Bc4 Kh8 27.
Ne3 Nf4 28. Kd2 Rfd8 29. Kc3 Rdc8 30. R1d2 Rc7 31. Rd8+ Rxd8 32. Rxd8+ Kh7 33.
Nd5 Bxd5 34. exd5 Kg6 35. d6 Rb7 36. Rc8 Rd7 37. Rxc5 Rxd6 38. Rc7 Nd5+ 39.
Bxd5 Rxd5 40. Rxa7 Rf5 41. b4 Rxf3+ 42. Kd4 Rf2 43. b5 Rb2 44. Kc5 f5 45. Ra4
Kg5 46. h4+ Kh5 47. b6 g5 48. hxg5 hxg5 49. Rb4 Rc2+ 50. Kd6 Rc8 51. b7 Rb8 52.
Kc7 Rxb7+ 53. Rxb7 f4 54. Kd6 1-0

[Event "XXV C.to Italiano a squadre A"]
[Site "ITA"]
[Date "1993.??.??"]
[Round "1"]
[White "Joksic, Sinisa"]
[Black "Lostuzzi, Manlio"]
[Result "0-1"]
[WhiteElo "2325"]
[BlackElo "2335"]
[PlyCount "92"]
[EventDate "1993.01.31"]

1. d4 Nf6 2. Nf3 c5 3. d5 b5 4. Bg5 d6 5. a4 b4 6. a5 g6 7. Bxf6 exf6 8. e4 Bg7
9. Bb5+ Nd7 10. Nbd2 O-O 11. O-O f5 12. Ra2 fxe4 13. Nxe4 Nf6 14. Re1 Nxe4 15.
Rxe4 Bd7 16. Bxd7 Qxd7 17. Qd3 Rfe8 18. Rxe8+ Rxe8 19. h3 Qe7 20. b3 Bf6 21. a6
Qc7 22. g3 Bc3 23. Kg2 h6 24. Qc4 Qd8 25. Qb5 Re4 26. Qb7 Re7 27. Qc6 Re2 28.
Kf1 Re4 29. Kg2 Kg7 30. Qb7 Re7 31. Qb5 Re4 32. Qd3 Re8 33. h4 h5 34. Qc4 Re7
35. Qf4 Re2 36. Kf1 Qe7 37. Qc4 Re4 38. Qd3 Qe8 39. Ra5 Re7 40. Rb5 Qc8 41. Ra5
Qh3+ 42. Kg1 Bd4 43. Nd2 Re1+ 44. Nf1 Be3 45. fxe3 Qxg3+ 46. Kh1 Qf2 0-1

[Event "XXV C.to Italiano a squadre A"]
[Site "ITA"]
[Date "1993.??.??"]
[Round "1"]
[White "Luciani, Carlo"]
[Black "Rossi, Carlo"]
[Result "1/2-1/2"]
[WhiteElo "2265"]
[BlackElo "2330"]
[PlyCount "34"]
[EventDate "1993.01.31"]

1. e4 c6 2. d4 d5 3. Nd2 g6 4. Ngf3 Nf6 5. Bd3 Bg4 6. c3 Bh6 7. h3 Bxf3 8. Qxf3
Bxd2+ 9. Bxd2 dxe4 10. Bxe4 Nxe4 11. Qxe4 Qd5 12. Qg4 Nd7 13. O-O Nf6 14. Qe2
Qe4 15. Qd1 Qd3 16. Re1 Nd5 17. Qc1 O-O 1/2-1/2

[Event "XXV C.to Italiano a squadre A"]
[Site "ITA"]
[Date "1993.??.??"]
[Round "1"]
[White "Manca, Federico"]
[Black "Fercec, Nenad"]
[Result "0-1"]
[WhiteElo "2365"]
[BlackElo "2385"]
[PlyCount "72"]
[EventDate "1993.01.31"]

1. e4 c5 2. c3 e5 3. Nf3 Nc6 4. Bc4 Qc7 5. d3 Nf6 6. Nbd2 Be7 7. Nf1 Na5 8. Ng3
Nxc4 9. dxc4 d6 10. O-O g6 11. Ne1 h5 12. Bg5 h4 13. Bxf6 Bxf6 14. Ne2 Qc6 15.
Qd3 b6 16. Nc2 Bb7 17. f3 Bg5 18. Ne3 Bxe3+ 19. Qxe3 f6 20. a4 a5 21. b3 O-O-O
22. Rfb1 h3 23. Ra2 hxg2 24. Ng3 f5 25. exf5 gxf5 26. Nxf5 Qxf3 27. Qxf3 Bxf3
28. Ne3 Rh3 29. Nxg2 Rg8 30. b4 Kc7 31. bxa5 bxa5 32. Rab2 Rg4 33. Kf1 Be4 34.
Re1 Rxh2 35. Rxe4 Rxe4 36. Kg1 Rh3 0-1

[Event "XXV C.to Italiano a squadre A"]
[Site "ITA"]
[Date "1993.??.??"]
[Round "1"]
[White "Mauro, Alan"]
[Black "Scafarelli, Francesco"]
[Result "1-0"]
[WhiteElo "2240"]
[BlackElo "2300"]
[PlyCount "91"]
[EventDate "1993.01.31"]

1. e4 c5 2. Nf3 Nc6 3. d4 cxd4 4. Nxd4 Nf6 5. Nc3 d6 6. Nxc6 bxc6 7. Bd3 g6 8.
O-O Bg7 9. Kh1 Rb8 10. f4 O-O 11. Qe1 Kh8 12. Qh4 Qa5 13. e5 dxe5 14. fxe5 Rb4
15. Rf4 Rxf4 16. Bxf4 Nh5 17. Bd2 Qxe5 18. Re1 Bf6 19. Qc4 Qd4 20. Qxd4 Bxd4
21. Rxe7 Be6 22. b3 Nf6 23. Ne2 Bc5 24. Rc7 Ng4 25. Bc3+ Kg8 26. Bd4 Bxd4 27.
Nxd4 Bd5 28. Nxc6 Bxc6 29. Rxc6 Re8 30. g3 Nf2+ 31. Kg1 Nxd3 32. cxd3 Re1+ 33.
Kg2 Re3 34. Ra6 Rxd3 35. Rxa7 Rd2+ 36. Kh3 h5 37. a4 g5 38. a5 f6 39. g4 Rd3+
40. Kg2 Rxb3 41. gxh5 Ra3 42. h6 f5 43. a6 g4 44. Rg7+ Kh8 45. a7 f4 46. Rb7
1-0

[Event "XXV C.to Italiano a squadre A"]
[Site "ITA"]
[Date "1993.??.??"]
[Round "1"]
[White "Mariotti, Sergio"]
[Black "D'Amore, Carlo"]
[Result "1/2-1/2"]
[WhiteElo "2425"]
[BlackElo "2415"]
[PlyCount "61"]
[EventDate "1993.01.31"]

1. d4 d6 2. e4 g6 3. c3 Bg7 4. Nf3 Nf6 5. Nbd2 O-O 6. Be2 Nc6 7. O-O e5 8. dxe5
Nxe5 9. Nxe5 dxe5 10. Qc2 Nd7 11. Nc4 Kh8 12. Ne3 Nc5 13. b3 Re8 14. Rd1 Qh4
15. Ba3 Bf8 16. b4 Ne6 17. g3 Qh6 18. Ng4 Qg7 19. Bc1 f6 20. Bh6 Qe7 21. Bxf8
Rxf8 22. Ne3 c6 23. Nc4 Ng5 24. f4 Nf7 25. Qd2 Be6 26. Nd6 Nxd6 27. Qxd6 Qxd6
28. Rxd6 Rfe8 29. a4 a5 30. Kf1 Kg7 31. b5 {...} 1/2-1/2

[Event "XXV C.to Italiano a squadre A"]
[Site "ITA"]
[Date "1993.??.??"]
[Round "1"]
[White "Micheli, Carlo"]
[Black "Cerchiari, Fulvio"]
[Result "1-0"]
[WhiteElo "2300"]
[BlackElo "2124"]
[PlyCount "93"]
[EventDate "1993.01.31"]

1. c4 Nf6 2. Nc3 d6 3. g3 g6 4. Bg2 Bg7 5. d3 O-O 6. Bd2 c5 7. a3 Nc6 8. Rb1 a5
9. Nh3 e6 10. O-O Ne8 11. Qc1 Nd4 12. b3 Qb6 13. Qd1 Bd7 14. e3 Nf5 15. Ne2 Bc6
16. e4 Nd4 17. Nxd4 Bxd4 18. Nf4 Qd8 19. h4 b5 20. h5 Ng7 21. h6 Ne8 22. Ne2
Bh8 23. f4 b4 24. axb4 axb4 25. Be3 Nf6 26. Bf3 Nd7 27. Rf2 f5 28. g4 Ra2 29.
Ng3 Rxf2 30. Kxf2 Ne5 31. gxf5 Nxf3 32. fxg6 Bd4 33. Qxf3 Qh4 34. Kg2 Bxe3 35.
gxh7+ Kxh7 36. Qxe3 Qxf4 37. Qxf4 Rxf4 38. Ra1 Rf7 39. Ra6 Rc7 40. Ne2 Kxh6 41.
Nf4 e5 42. Nd5 Bxd5 43. Rxd6+ Kg5 44. exd5 Kf4 45. Kf2 Ra7 46. Rf6+ Kg5 47. Rf8
1-0

[Event "XXV C.to Italiano a squadre A"]
[Site "ITA"]
[Date "1993.??.??"]
[Round "1"]
[White "Milocco, Franco"]
[Black "Rosino, Antonio"]
[Result "1/2-1/2"]
[WhiteElo "2365"]
[BlackElo "2320"]
[PlyCount "71"]
[EventDate "1993.01.31"]

1. c4 e5 2. Nc3 Nf6 3. Nf3 Nc6 4. g3 Nd4 5. e3 Nxf3+ 6. Qxf3 Be7 7. Bg2 d6 8.
O-O c6 9. Qe2 O-O 10. b3 Be6 11. Bb2 Qd7 12. Rac1 Bh3 13. d3 Rfe8 14. Rfd1 Bxg2
15. Kxg2 Bf8 16. Ne4 Qf5 17. Qf3 Qxf3+ 18. Kxf3 Nd7 19. Nc3 f5 20. e4 g6 21.
Rg1 Nc5 22. Rcd1 Ne6 23. exf5 gxf5 24. Ne2 Bg7 25. Kg2 Re7 26. Rge1 Rae8 27.
Ba3 Rd7 28. d4 exd4 29. Nxd4 Bxd4 30. Rxd4 Nxd4 31. Rxe8+ Kf7 32. Rh8 Kg6 33.
Rg8+ Kf7 34. Rh8 Kg6 35. Rg8+ Kf7 36. Rh8 1/2-1/2

[Event "XXV C.to Italiano a squadre A"]
[Site "ITA"]
[Date "1993.??.??"]
[Round "1"]
[White "Monteleone, Antonio"]
[Black "Mascellani, Marco"]
[WhiteElo "2099"]
[BlackElo "1947"]
[Result "0-1"]
[PlyCount "94"]
[EventDate "1993.01.31"]

1. d4 Nf6 2. c4 c5 3. Nf3 cxd4 4. Nxd4 Nc6 5. Nc3 d6 6. g3 g6 7. Bg2 Bd7 8. O-O
Bg7 9. h3 Qc8 10. Nxc6 Bxc6 11. e4 Bd7 12. Kh2 Qxc4 13. Bg5 Bc6 14. Rc1 Qb4 15.
Qd2 O-O 16. Nd5 Qxd2 17. Nxe7+ Kh8 18. Bxd2 Bxe4 19. f3 Bd3 20. Rfe1 Rfd8 21.
Bc3 Rd7 22. f4 Bc4 23. Bxf6 Bxf6 24. Nxg6+ hxg6 25. Rxc4 d5 26. Rc2 Rad8 27.
Bf1 d4 28. Bd3 Kg7 29. Kg2 Kf8 30. Kf3 Rd6 31. Rc7 R8d7 32. Rc4 Rc6 33. Rxc6
bxc6 34. b3 c5 35. Bb5 Rd8 36. Bc4 d3 37. Rd1 d2 38. Ke2 Bc3 39. Bb5 a6 40. Bc4
Re8+ 41. Kf3 Re1 42. Be2 Ke7 43. Ke3 Kd6 44. Kd3 Ba5 45. Bf3 f6 46. h4 Bb4 47.
Kc4 Re3 0-1

[Event "XXV C.to Italiano a squadre A"]
[Site "ITA"]
[Date "1993.??.??"]
[Round "1"]
[White "Negrini, Claudio"]
[Black "Lucaroni, Massimiliano"]
[Result "1/2-1/2"]
[WhiteElo "2108"]
[BlackElo "2295"]
[PlyCount "72"]
[EventDate "1993.01.31"]

1. e4 e5 2. Bc4 Nf6 3. d4 exd4 4. Nf3 Nc6 5. O-O Nxe4 6. Re1 d5 7. Bxd5 Qxd5 8.
Nc3 Qh5 9. Nxe4 Be6 10. Bg5 h6 11. Bf6 Qg6 12. Nh4 Qh7 13. Qh5 Kd7 14. Bxd4 Rd8
15. Bc5 Kc8 16. Bxf8 Rhxf8 17. Qb5 Rd4 18. Qe2 Bc4 19. Qg4+ f5 20. Qg6 Qxg6 21.
Nxg6 Rfd8 22. Ng3 Bf7 23. Ne7+ Nxe7 24. Rxe7 Rd1+ 25. Re1 Rxa1 26. Rxa1 g6 27.
b3 b5 28. Kf1 c5 29. Re1 c4 30. Re7 Rd7 31. Rxd7 Kxd7 32. b4 Kd6 33. c3 Ke5 34.
f3 g5 35. Kf2 h5 36. Ne2 a6 1/2-1/2

[Event "XXV C.to Italiano a squadre A"]
[Site "ITA"]
[Date "1993.??.??"]
[Round "1"]
[White "Passerotti, Pierluigi"]
[Black "Malfagia, Andrea"]
[Result "1/2-1/2"]
[WhiteElo "2325"]
[BlackElo "2315"]
[PlyCount "47"]
[EventDate "1993.01.31"]

1. d4 Nf6 2. c4 c5 3. Nf3 cxd4 4. Nxd4 e6 5. Nc3 a6 6. g3 Qc7 7. Qd3 b5 8. cxb5
Bb7 9. f3 Bb4 10. Bd2 O-O 11. Rc1 e5 12. Nb3 Qb6 13. e4 d5 14. exd5 Nbd7 15.
Na4 Qd6 16. Rc6 Bxc6 17. dxc6 axb5 18. Qxd6 Bxd6 19. Bxb5 Rfb8 20. Nc3 Nb6 21.
Ke2 Nbd5 22. a4 Bb4 23. Ne4 Be7 24. Bc3 {...} 1/2-1/2

[Event "XXV C.to Italiano a squadre A"]
[Site "ITA"]
[Date "1993.??.??"]
[Round "1"]
[White "Pegorari, Pietro"]
[Black "Pizzuto, Samuele Tullio"]
[WhiteElo "2011"]
[BlackElo "2011"]
[Result "1-0"]
[PlyCount "118"]
[EventDate "1993.01.31"]

1. c4 f5 2. Nc3 Nf6 3. g3 g6 4. Bg2 Bg7 5. Nf3 O-O 6. O-O d6 7. d3 e5 8. Rb1 a5
9. a3 Nc6 10. Ne1 Be6 11. Nd5 h6 12. b4 axb4 13. axb4 Rb8 14. b5 Ne7 15. Nxe7+
Qxe7 16. Nc2 Nd7 17. Nb4 Qf7 18. Nd5 Rbc8 19. Ba3 Rfd8 20. b6 c6 21. Nc7 Nf8
22. Qb3 Qd7 23. Bb4 Bf7 24. Ra1 Ne6 25. Ra7 Rb8 26. Qa3 Bf8 27. e3 Rdc8 28.
Nxe6 Bxe6 29. f4 e4 30. dxe4 Bxc4 31. Rd1 c5 32. Bxc5 Qb5 33. Ra5 Qe8 34. Bxd6
Bxd6 35. Rxd6 fxe4 36. Re5 Qf7 37. Bxe4 Ra8 38. Qb2 Ra2 39. Qd4 Bd5 40. Rd8+
Rxd8 41. Bxd5 Rxd5 42. Qxd5 Qxd5 43. Rxd5 Rb2 44. Rd6 Kf7 45. e4 Kg7 46. e5 Kf7
47. h3 h5 48. g4 hxg4 49. hxg4 g5 50. f5 Rb4 51. Kf2 Rxg4 52. Ke3 Rf4 53. f6
Ke8 54. Rd4 Rf1 55. Ke4 g4 56. Kd5 Rb1 57. e6 Rb5+ 58. Ke4 Rxb6 59. Kf5 g3 1-0

[Event "XXV C.to Italiano a squadre A"]
[Site "ITA"]
[Date "1993.??.??"]
[Round "1"]
[White "Racioppo, Paolo"]
[Black "Pace, Roberto"]
[Result "1/2-1/2"]
[WhiteElo "2114"]
[BlackElo "1836"]
[PlyCount "94"]
[EventDate "1993.01.31"]

1. e4 e5 2. Bc4 Nf6 3. d3 d5 4. exd5 Bc5 5. Nf3 Qd6 6. Nc3 Bg4 7. O-O O-O 8. h3
Bh5 9. Be3 Bb4 10. Nb5 Qd7 11. c3 Bd6 12. b4 a6 13. Nxd6 cxd6 14. Bb3 h6 15. c4
g5 16. c5 dxc5 17. Bxc5 Re8 18. Re1 Qf5 19. g4 Nxg4 20. hxg4 Qxg4+ 21. Kh2 Qf4+
22. Kg2 Qg4+ 23. Kh2 Qf4+ 24. Kg2 Qg4+ 25. Kh2 Qxf3 26. Qxf3 Bxf3 27. Kg3 Bh5
28. Rh1 Bg6 29. Rxh6 Kg7 30. Rah1 Nd7 31. Be3 f6 32. d4 e4 33. R6h2 Rac8 34.
Rd1 Rc3 35. Kg2 Rec8 36. Rhh1 Bf7 37. Rhe1 Kg6 38. Bd2 Rd3 39. Rxe4 Rxb3 40.
axb3 Bxd5 41. f3 Bxe4 42. fxe4 Rc2 43. Kf1 Rb2 44. Ke2 Rxb3 45. Rc1 Kf7 46. Rc7
Ke6 47. Rxb7 a5 1/2-1/2

[Event "XXV C.to Italiano a squadre A"]
[Site "ITA"]
[Date "1993.??.??"]
[Round "1"]
[White "Rogulj, Branko"]
[Black "Belotti, Bruno"]
[Result "1/2-1/2"]
[WhiteElo "2415"]
[BlackElo "2410"]
[PlyCount "64"]
[EventDate "1993.01.31"]

1. e4 d6 2. d4 Nf6 3. Nc3 c6 4. f4 Qa5 5. Bd3 e5 6. Nf3 Bg4 7. Be3 exf4 8. Bxf4
Qb6 9. Ne2 d5 10. e5 Ne4 11. O-O Be7 12. c3 Nd7 13. Qc2 f5 14. exf6 Ndxf6 15.
Ne5 Bxe2 16. Qxe2 O-O 17. Bxe4 dxe4 18. Bg5 Qb5 19. Rae1 Qd5 20. Bxf6 Rxf6 21.
Rxf6 Bxf6 22. Qxe4 Qxa2 23. Nd7 Qf7 24. Qg4 Rd8 25. Nxf6+ Qxf6 26. Re6 Qf7 27.
Qe2 Kf8 28. Qe5 Re8 29. Qd6+ Kg8 30. Re5 Rf8 31. Qe6 Qxe6 32. Rxe6 Kf7 1/2-1/2

[Event "XXV C.to Italiano a squadre A"]
[Site "ITA"]
[Date "1993.??.??"]
[Round "1"]
[White "Sciortino, Massimo"]
[Black "Niederstaetter, Harald"]
[WhiteElo "1933"]
[BlackElo "1863"]
[Result "1-0"]
[PlyCount "101"]
[EventDate "1993.01.31"]

1. d4 d6 2. e4 Nf6 3. Nc3 g6 4. Nf3 Bg7 5. h3 O-O 6. Be3 c6 7. a4 Qa5 8. Bd3 e5
9. O-O Nbd7 10. Bc4 d5 11. exd5 cxd5 12. Bb3 e4 13. Ne5 Rd8 14. Qd2 Nf8 15.
Nxe4 Qxd2 16. Nxd2 h5 17. Rfe1 Bf5 18. Nf1 N6d7 19. Nf3 Nb8 20. Ng3 Be6 21. Re2
Nc6 22. Rae1 Rac8 23. c3 Na5 24. Bc2 Nc4 25. Bc1 Nd6 26. Ne5 h4 27. Nf1 Bf5 28.
Bxf5 Nxf5 29. Ne3 Nxe3 30. Bxe3 Ne6 31. Bd2 Bxe5 32. Rxe5 Rc4 33. Ra1 Rd7 34.
Kf1 Kg7 35. Ke2 Rd6 36. Kd3 a6 37. a5 Kf6 38. Ra3 Rc8 39. Rb3 Rd7 40. Rb6 Kg7
41. f4 Ra8 42. Ke2 Rh8 43. Kf3 Nd8 44. Re2 Nc6 45. b4 Ne7 46. f5 Nc8 47. f6+
Kf8 48. Bf4 Nxb6 49. axb6 Rh5 50. Kg4 Rf5 51. Bh6+ 1-0

[Event "XXV C.to Italiano a squadre A"]
[Site "ITA"]
[Date "1993.??.??"]
[Round "1"]
[White "Sibilio, Mario"]
[Black "Steinfl, Alessandro"]
[Result "1/2-1/2"]
[WhiteElo "2325"]
[BlackElo "2260"]
[PlyCount "65"]
[EventDate "1993.01.31"]

1. Nf3 c5 2. c4 Nc6 3. g3 g6 4. Bg2 Bg7 5. O-O e5 6. Nc3 Nge7 7. d3 O-O 8. Bg5
h6 9. Bxe7 Nxe7 10. Nd2 d6 11. Rb1 Rb8 12. b4 e4 13. Qb3 exd3 14. exd3 Bf5 15.
Nde4 Nc6 16. bxc5 dxc5 17. Nxc5 Na5 18. Qb4 b6 19. N5e4 Qxd3 20. c5 bxc5 21.
Qxa5 Rxb1 22. Rxb1 Bxe4 23. Bxe4 Bxc3 24. Bxd3 Bxa5 25. Rb7 Bb6 26. Bc4 Rd8 27.
Rxf7 Rd4 28. Rf4+ Kg7 29. Rxd4 cxd4 30. Kf1 g5 31. Ke2 Kf6 32. Kd3 Ke5 33. Bf7
1/2-1/2

[Event "XXV C.to Italiano a squadre A"]
[Site "ITA"]
[Date "1993.??.??"]
[Round "1"]
[White "Stassi, Emilio"]
[Black "Lagumina, Giulio"]
[Result "1/2-1/2"]
[WhiteElo "2147"]
[BlackElo "2275"]
[PlyCount "96"]
[EventDate "1993.01.31"]

1. d4 d5 2. c4 e6 3. Nc3 c6 4. e3 Nf6 5. Nf3 Nbd7 6. Qc2 Bd6 7. Bd2 O-O 8. Bd3
dxc4 9. Bxc4 e5 10. O-O Qe7 11. Bd3 Re8 12. Ne4 Nxe4 13. Bxe4 h6 14. Rfe1 f5
15. Bxf5 e4 16. Bxd7 Bxd7 17. Ne5 Bxe5 18. dxe5 Qxe5 19. Qc4+ Kh7 20. Qd4 Qf5
21. Bc3 Re7 22. Qd6 Rf7 23. Re2 Re8 24. Rd1 Re6 25. Qxd7 Rxd7 26. Rxd7 Rf6 27.
Red2 Rf7 28. R7d6 b5 29. Rxc6 b4 30. Bd4 Qd5 31. Rdc2 Qxa2 32. h3 a5 33. Rc7 a4
34. R2c4 h5 35. Rxf7 Qxc4 36. Rxg7+ Kh6 37. Ra7 Qc1+ 38. Kh2 Qc2 39. Ra6+ Kh7
40. Kg3 h4+ 41. Kxh4 Qxf2+ 42. g3 Qf3 43. Ra7+ Kg6 44. Ra6+ Kh7 45. g4 a3 46.
bxa3 bxa3 47. Ra7+ Kg6 48. Ra6+ Kh7 1/2-1/2

[Event "XXV C.to Italiano a squadre A"]
[Site "ITA"]
[Date "1993.??.??"]
[Round "1"]
[White "Stavru, Alessandro"]
[Black "Zurla, Mirko"]
[Result "1-0"]
[WhiteElo "2250"]
[BlackElo "2146"]
[PlyCount "159"]
[EventDate "1993.01.31"]

1. e4 c6 2. d4 d5 3. exd5 cxd5 4. c4 Nf6 5. cxd5 Nxd5 6. Nc3 Nf6 7. Nf3 g6 8.
Bc4 Bg7 9. O-O O-O 10. Bf4 Nbd7 11. d5 Nb6 12. Bb3 Bg4 13. h3 Bxf3 14. Qxf3 Qd7
15. Rad1 Ne8 16. d6 Nxd6 17. Rfe1 Rad8 18. Bg5 Nbc8 19. Qf4 a6 20. Nd5 Qf5 21.
Qxf5 Nxf5 22. g4 Nd4 23. Nxe7+ Nxe7 24. Bxe7 Nf3+ 25. Kf1 Rxd1 26. Rxd1 Re8 27.
Rd7 Nd4 28. Bxf7+ Kxf7 29. Bc5+ Kg8 30. Bxd4 Bxd4 31. Rxd4 Re7 32. f4 Kf7 33.
Kf2 Ke8 34. Kf3 Rc7 35. Rd2 Ke7 36. h4 Ke6 37. Re2+ Kd7 38. g5 Rc1 39. Rd2+ Ke7
40. h5 Rf1+ 41. Ke4 Ke6 42. h6 Re1+ 43. Kf3 Rf1+ 44. Rf2 Rc1 45. Re2+ Kf7 46.
Rd2 Ke6 47. Re2+ Kf7 48. Ke3 Rf1 49. Rc2 Re1+ 50. Kd3 Rd1+ 51. Ke4 Re1+ 52. Kd5
Rd1+ 53. Ke5 Rd7 54. Rc8 Re7+ 55. Kd6 Re4 56. Rc7+ Kg8 57. Rg7+ Kh8 58. Rxb7
Kg8 59. Rg7+ Kh8 60. Re7 Rd4+ 61. Kc7 Kg8 62. Rg7+ Kh8 63. Rd7 Rc4+ 64. Kb7 Kg8
65. Rg7+ Kh8 66. Rc7 Rb4+ 67. Ka7 Kg8 68. Rg7+ Kh8 69. Rb7 Kg8 70. Rxb4 a5 71.
Rb3 a4 72. Rc3 Kf8 73. Rc7 Kg8 74. Kb6 a3 75. bxa3 Kf8 76. Kc5 Kg8 77. Kd4 Kf8
78. Ke5 Kg8 79. Kf6 Kh8 80. Rc8# 1-0

[Event "XXV C.to Italiano a squadre A"]
[Site "ITA"]
[Date "1993.??.??"]
[Round "1"]
[White "Tatai, Stefano"]
[Black "Pieri, Filippo"]
[Result "1-0"]
[WhiteElo "2440"]
[BlackElo "2195"]
[PlyCount "47"]
[EventDate "1993.01.31"]

1. e4 c5 2. Nf3 d6 3. d4 cxd4 4. Nxd4 Nf6 5. Nc3 g6 6. Bc4 Bg7 7. h3 O-O 8. Bb3
a6 9. O-O b5 10. Re1 Bb7 11. a4 Nbd7 12. axb5 axb5 13. Rxa8 Qxa8 14. Ndxb5 Nxe4
15. Nd5 e6 16. Rxe4 exd5 17. Ra4 Qb8 18. Rb4 Nc5 19. Bxd5 Bxd5 20. Qxd5 Re8 21.
Be3 Na6 22. Nxd6 Nxb4 23. Qxf7+ Kh8 24. Nxe8 1-0

[Event "XXV C.to Italiano a squadre A"]
[Site "ITA"]
[Date "1993.??.??"]
[Round "1"]
[White "Tassi, Oliviero"]
[Black "Bellia, Fabrizio"]
[Result "1-0"]
[WhiteElo "2320"]
[BlackElo "2290"]
[PlyCount "55"]
[EventDate "1993.01.31"]

1. e4 e5 2. Nc3 Nf6 3. Nf3 Nc6 4. d4 exd4 5. Nd5 Be7 6. Bc4 d6 7. Nxd4 Nxd4 8.
Qxd4 Nxd5 9. Bxd5 O-O 10. O-O Bf6 11. Qd3 Re8 12. c3 Qe7 13. Bf4 Be5 14. Bd2 c6
15. Bb3 Be6 16. Bc2 g6 17. f4 Bg7 18. f5 Bc8 19. Rae1 Be5 20. Bb3 Kh8 21. fxg6
fxg6 22. Rf7 Qh4 23. g3 Qh5 24. Ref1 Bg4 25. Bf4 Rad8 26. Qd2 b5 27. Bg5 Rd7
28. Rf8+ 1-0

[Event "XXV C.to Italiano a squadre A"]
[Site "ITA"]
[Date "1993.??.??"]
[Round "1"]
[White "Tocco, Paolo"]
[Black "Auletta, Angelo"]
[Result "0-1"]
[WhiteElo "2054"]
[BlackElo "2185"]
[PlyCount "108"]
[EventDate "1993.01.31"]

1. e4 d6 2. d4 Nf6 3. Nc3 g6 4. Be2 Bg7 5. h4 h5 6. Bg5 c6 7. Qd2 b5 8. f3 Nbd7
9. Nh3 b4 10. Nd1 Qb6 11. Be3 O-O 12. Ndf2 c5 13. g4 Bb7 14. gxh5 cxd4 15. Bh6
Nxh5 16. Bxg7 Kxg7 17. O-O-O Rac8 18. Rhg1 b3 19. axb3 Qxb3 20. Kb1 Qe3 21.
Qxd4+ Qxd4 22. Rxd4 Nc5 23. Nd3 Ba6 24. Rd5 Nf6 25. Rdg5 Rh8 26. Nhf4 Bxd3 27.
Nxd3 Nxd3 28. Bxd3 Rxh4 29. Ra5 Rc7 30. b3 Nd7 31. Rg2 Ne5 32. Be2 Rf4 33. Rg3
Nc6 34. Rf5 Rh4 35. Bc4 Ne5 36. Be2 Kh6 37. Rxe5 dxe5 38. b4 f5 39. Bd3 e6 40.
Kb2 Kg7 41. Kb3 Kf6 42. b5 Rh2 43. Kb4 f4 44. Rg1 Rf2 45. Rf1 Rxf1 46. Bxf1
Rxc2 47. Bh3 Ke7 48. Ka5 Rb2 49. Ka6 Rb1 50. Bg4 Kd6 51. Kxa7 Rxb5 52. Ka6 Rb1
53. Ka5 Kc5 54. Ka4 Kd4 0-1